Hồ sơ chết = The X Files

David Duchovny và Gillian Anderson tái hợp để giải đáp một vụ án kỳ lạ. Trong chớp mắt, giữa cái lạnh thấu xương và sự tỉnh lặng đáng ngờ, đặc vụ FBI Monica Banna bị bắt cóc một cách bí ẩn. Và việc tìm kiếm người mất tích đã khơi nguồn...

Popoln opis

Shranjeno v:
Bibliografske podrobnosti
Format: Knjiga
Jezik:Undetermined
Izdano: Thành phố Hồ Chí Minh Công ty Cổ phần Truyền thông điện ảnh Sài Gòn 2010
Teme:
Oznake: Označite
Brez oznak, prvi označite!
Thư viện lưu trữ: Trung tâm Học liệu Trường Đại học Cần Thơ
LEADER 01216nam a2200205Ia 4500
001 CTU_215029
008 210402s9999 xx 000 0 und d
020 |c 15000 
082 |a 791.43 
082 |b H450 
245 0 |a Hồ sơ chết = 
245 4 |b The X Files 
245 0 |c Chris Carter (Đạo diễn) 
260 |a Thành phố Hồ Chí Minh 
260 |b Công ty Cổ phần Truyền thông điện ảnh Sài Gòn 
260 |c 2010 
520 |a David Duchovny và Gillian Anderson tái hợp để giải đáp một vụ án kỳ lạ. Trong chớp mắt, giữa cái lạnh thấu xương và sự tỉnh lặng đáng ngờ, đặc vụ FBI Monica Banna bị bắt cóc một cách bí ẩn. Và việc tìm kiếm người mất tích đã khơi nguồn tranh cãi giữa cặp đôi cộng sự Scully và Mulder, những giới hạn của khoa học, tính siêu nhiên và những khoảng trống chen ngang đáng sợ cũng bị thách thức. 
650 |a Motion pictures,Phim điện ảnh 
904 |i Tuyến 
980 |a Trung tâm Học liệu Trường Đại học Cần Thơ